000 00689nam a2200205Ia 4500
003 OSt
005 20240328120241.0
008 210210b2001 xxu||||| |||| 00| 0 eng d
040 _cAL
041 _aKannada
082 _aK894.9 PARR
100 _aPARAMESHVARA BHATTA (S V).
_9116875
_dಪರಮೇಶ್ವರ ಭಟ್ಟ (ಎಸ್ ವಿ)
245 _aRasarushi Kuvempu: Aidaneya samputa.
_b ರಸರುಚಿ ಕುವೆಂಪು ಐದನೆಯ ಸಂಪುಟ
260 _aMaisuru.
_bPrasaranga, Maisuru Vishvavidyalaya.
_c2001
300 _avii,474
650 _aKuvempu Puttappa K V
_9116876
690 _aKannada Criticism
_9116877
906 _a060431
942 _2ddc
_cBK
999 _c107574
_d107574